Score 0/20 Timer 02:00
6 Plays Today
Question Answer Wrong Answers
Non-violent leader in the Civil Rights Movement
Martin Luther ____ Jr.
King
95.9%
Duke
0.2%
Earl
0.2%
Lord
0.1%
Epic Walt Disney animated movie
The Lion ____
King
95.9%
Duke
0.2%
Earl
0.1%
Lord
0.2%
A giant movie monster, resembling a colossal ape
____ Kong
King
95.8%
Duke
0.2%
Earl
0.1%
Lord
0.1%
An epic high-fantasy novel by J.R.R. Tolkien
The ____ of the Rings
Lord
95.5%
Duke
0.2%
Earl
0.1%
King
0.4%
Central antagonist in Harry Potter novels
____ Voldemort
Lord
94.1%
Duke
0.7%
Earl
0.8%
King
0.6%
Tea blend flavored with bergamot oil
____ Grey
Earl
92.7%
Duke
0.9%
King
0.6%
Lord
1.8%
NBC television comedy series starring Jason Lee
My Name Is ____
Earl
92.1%
Duke
2.2%
King
1.1%
Lord
0.5%
One of the most influential blues musicians of all time
B.B. ____
King
90.8%
Duke
2.3%
Earl
2.4%
Lord
0.6%
Famous American jazz pianist and bandleader
____ Ellington
Duke
88.7%
Earl
4.3%
King
0.8%
Lord
2.2%
To have a fistfight (slang)
____ it out
Duke
88.6%
Earl
1.6%
King
1%
Lord
4.9%
Anglo-Scottish poet, and a leading figure in the Romantic movement
____ Byron
Lord
87.7%
Duke
2.9%
Earl
4.1%
King
1.1%
Private research university located in Durham, North Carolina
____ University
Duke
87.7%
Earl
3.1%
King
3.9%
Lord
1%
Hit song by Gene Chandler
Duke of ___
Earl
82.1%
Duke
7%
King
2.7%
Lord
3.6%
Alternate name for Bowser in the Mario gaming franchise
___ Koopa
King
77.1%
Duke
4.8%
Earl
4.2%
Lord
9%
The first children's novel by Frances Hodgson Burnett
Little ____ Fauntleroy
Lord
74.3%
Duke
6.8%
Earl
8.9%
King
5.1%
Actress who won an oscar for 'The Miracle Worker'
Patty ___
Duke
70.1%
Earl
5.5%
King
18%
Lord
2.3%
Bullets and Knicks basketball legend
____ Monroe
Earl
66.2%
Duke
22.8%
King
2.9%
Lord
3.3%
The oldest luxury department store in the United States
____ & Taylor
Lord
60.3%
Duke
14.6%
Earl
15%
King
5.5%
A song by the Dixie Chicks
Goodbye ___
Earl
58.1%
Duke
12%
King
7.1%
Lord
18%
Engine made by Pontiac and used in many GM models in the 1970s through 1990s
Iron ___
Duke
49.6%
Earl
4.1%
King
30.6%
Lord
11%
Remove Ads.
Support Sporcle.
Get the best of Sporcle when you Go Orange. This ad-free experience offers more features, more stats, and more fun while also helping to support Sporcle. Thank you for becoming a member.

You're not logged in!

Compare scores with friends on all Sporcle quizzes.
OR
Log In

Show Comments

Extras

Top Quizzes Today


Score Distribution

Your Account Isn't Verified!

In order to create a playlist on Sporcle, you need to verify the email address you used during registration. Go to your Sporcle Settings to finish the process.

Report this User

Report this user for behavior that violates our Community Guidelines.

Details: